000 00717nam a2200277Ia 4500
005 20260324130440.0
008 008 260324s9999 xx 000 0 eng d
020 _a9780429245312
037 _aEBOOK
040 _aCRL
040 _beng
040 _cCRL
041 _2eng
041 _aeng
084 _qCRL
100 _aRobert J. Sbordone; Ronald E. Saul; Arnold D. Purisch
_91181814
245 0 _aNeuropsychology for Psychologists, Health Care Professionals, and Attorneys
260 _bTaylor and Francis
260 _c2007
365 _a
365 _b300
856 _uhttp://www.taylorfrancis.com/books/9780429245312
942 _cEBOOK
999 _c1777997
_d1777997